Jeppy na Flagach #2 - Statystyki

Ogólne statystyki
  • Ten quiz został rozwiązany 4 134 razy
  • Średni wynik to 14 z 16
Statystyki odpowiedzi
Obrazkowy Odpowiedź % Poprawnych
Niemcy
99%
Albania
96%
Chiny
96%
Gruzja
96%
Urugwaj
96%
Australia
95%
Islandia
95%
Kosowo
95%
Sri Lanka
92%
Nepal
91%
Liban
88%
Uganda
87%
Uzbekistan
86%
Zambia
81%
Papua Nowa Gwinea
80%
Antigua i Barbuda
71%
Nie znaleziono quizów pasujących do podanych kryteriów
Rozkład punktacji
Procent ludzi z każdym wynikiem
Percentyl według liczby udzielonych odpowiedzi
Twoja historia wyników
Nie rozwiązałeś tego quizu